| 000 | 00579nam a2200205 a 4500 | ||
|---|---|---|---|
| 001 | 0241 | ||
| 005 | 20140414131853.0 | ||
| 008 | 040902s19uu xx 00 eng d | ||
| 020 | _a0-439-34272-4 | ||
| 050 |
_aM 592 _bP41 2001 |
||
| 100 | _aPerrine, Doug | ||
| 245 |
_aRipley's coral colony creatures / _cDoug Perrine. |
||
| 260 |
_aNew York : _bScholastic, _c2001. |
||
| 300 | _a60 p. : ill. ; cm. | ||
| 520 | _aThe wonder of ocean invertebrates revealed through facts and photos. | ||
| 650 | _aInvertebrates. | ||
| 650 | _aCorals. | ||
| 999 |
_c110280 _d110280 |
||